[Event "CZE-chT2F 2223"]
[Site "Czech Republic"]
[Date "2023.03.26"]
[Round "11"]
[White "Cupek, Martin"]
[Black "Hladik, Oto"]
[Result "1/2-1/2"]
[WhiteElo "2129"]
[BlackElo "2116"]
[PlyCount "42"]
[EventDate "2022.10.16"]
[EventType "team-tourn"]
[EventRounds "11"]
[EventCountry "CZE"]
[SourceTitle "EXT 2024"]
[Source "ChessBase"]
[SourceDate "2023.10.10"]
[SourceVersion "1"]
[SourceVersionDate "2023.10.10"]
[SourceQuality "1"]
[WhiteTeam "Trinec II"]
[BlackTeam "Ostrava II"]
[WhiteTeamCountry "CZE"]
[BlackTeamCountry "CZE"]

1. d4 Nf6 2. c4 g6 3. Nc3 Bg7 4. e4 0-0 5. Nf3 d6 6. Be2 e5 7. 0-0 Nc6 8. d5 Ne7 9. Ne1 Ne8 10. g4 f5 11. Bg5 h6 12. Be3 f4 13. Bd2 g5 14. Nd3 Ng6 15. f3 Rf7 16. b4 Bf8 17. h3 Nf6 18. Rf2 h5 19. Rh2 Rh7 20. Be1 Qe7 21. Rc1 a5 1/2-1/2

[Event "CZE-chT1E 2223"]
[Site "Czech Republic"]
[Date "2023.01.15"]
[Round "6.5"]
[White "Cvek, Robert"]
[Black "Hladik, Oto"]
[Result "1-0"]
[WhiteElo "2476"]
[BlackElo "2126"]
[PlyCount "131"]
[EventDate "2022.10.08"]
[EventType "team-tourn"]
[EventRounds "11"]
[EventCountry "CZE"]
[SourceTitle "CBM 213 Extra"]
[Source "ChessBase"]
[SourceDate "2023.05.31"]
[SourceVersion "1"]
[SourceVersionDate "2023.05.31"]
[SourceQuality "1"]
[WhiteTeam "Poruba Slavoj"]
[BlackTeam "Ostrava"]
[WhiteTeamCountry "CZE"]
[BlackTeamCountry "CZE"]

1. Nf3 c5 2. g3 Nc6 3. Bg2 d5 4. d4 e6 5. 0-0 Nf6 6. c4 cxd4 7. Nxd4 Be7 8. Nc3 0-0 9. cxd5 Nxd5 10. Nxd5 exd5 11. Be3 Bf6 12. Rc1 Nxd4 13. Bxd4 Be6 14. Rc3 Bxd4 15. Qxd4 Qa5 16. Ra3 Qb6 17. Rd1 Qxd4 18. Rxd4 Rfc8 19. Bxd5 Bh3 20. Rc3 g6 21. f3 Rxc3 22. bxc3 Rc8 23. c4 Be6 24. Kf2 Rc7 25. Re4 Kf8 26. Bxe6 fxe6 27. Ke3 Ke7 28. Kd3 b6 29. a4 Rc5 30. Kc3 g5 31. h4 h6 32. Kb4 Kf6 33. h5 e5 34. g4 a5+ 35. Kc3 Rc7 36. Re3 Rc6 37. Rd3 e4 38. Rd5 exf3 39. exf3 Ke7 40. Rf5 Re6 41. c5 bxc5 42. Kc4 Rb6 43. Kxc5 Rb4 44. Re5+ Kf6 45. Re4 Rb3 46. f4 gxf4 47. Rxf4+ Kg5 48. Rd4 Rb1 49. Kc6 Rb4 50. Rd5+ Kxg4 51. Rxa5 Kh4 52. Kd6 Re4 53. Kd5 Re1 54. Kd4 Rg1 55. Re5 Rc1 56. a5 Kg4 57. Rc5 Rd1+ 58. Kc4 Rb1 59. Rd5 Rc1+ 60. Kb5 Rb1+ 61. Kc6 Rb2 62. a6 Rc2+ 63. Rc5 Ra2 64. Kb6 Rb2+ 65. Rb5 Rf2 66. a7 1-0

[Event "CZE-chT2F 2223"]
[Site "Czech Republic"]
[Date "2022.11.06"]
[Round "2"]
[White "Kocian, Miroslav"]
[Black "Hladik, Oto"]
[Result "1/2-1/2"]
[WhiteElo "2052"]
[BlackElo "2116"]
[PlyCount "94"]
[EventDate "2022.10.16"]
[EventType "team-tourn"]
[EventRounds "11"]
[EventCountry "CZE"]
[SourceTitle "EXT 2024"]
[Source "ChessBase"]
[SourceDate "2023.10.10"]
[SourceVersion "1"]
[SourceVersionDate "2023.10.10"]
[SourceQuality "1"]
[WhiteTeam "Zlin"]
[BlackTeam "Ostrava II"]
[WhiteTeamCountry "CZE"]
[BlackTeamCountry "CZE"]

1. e4 c5 2. Nf3 Nc6 3. d4 cxd4 4. Nxd4 Nf6 5. Nc3 d6 6. Bc4 e6 7. Be3 a6 8. a3 Qc7 9. Qe2 Be7 10. Ba2 0-0 11. h3 b5 12. g4 Bb7 13. f3 Nd7 14. h4 Nde5 15. g5 Rac8 16. Nxe6 fxe6 17. Bxe6+ Kh8 18. f4 Nc4 19. Nd5 Qa5+ 20. b4 Nxb4 21. Nxb4 Nxa3 22. Bd2 d5 23. Bxc8 Bxb4 24. Rxa3 Qxa3 25. Bxb7 Qc1+ 26. Qd1 Bxd2+ 27. Ke2 Qxd1+ 28. Rxd1 Bxf4 29. exd5 Bd6 30. Bxa6 b4 31. Rd4 g6 32. Re4 Rf5 33. Bb7 Re5 34. Rxe5 Bxe5 35. Kd3 Kg7 36. Kc4 Bd6 37. Kb5 Kf8 38. Bc8 Ke7 39. Be6 Bg3 40. h5 gxh5 41. Kxb4 Kd6 42. c4 Bf2 43. Bg8 Be3 44. Kb5 h4 45. Be6 Bf2 46. Bf5 Be3 47. Bxh7 Bxg5 1/2-1/2

[Event "CZE-chT1E 2223"]
[Site "Czech Republic"]
[Date "2022.10.08"]
[Round "1.3"]
[White "Hladik, Oto"]
[Black "Husek, Martin"]
[Result "1/2-1/2"]
[WhiteElo "2126"]
[BlackElo "2195"]
[PlyCount "180"]
[EventDate "2022.10.08"]
[EventType "team-tourn"]
[EventRounds "11"]
[EventCountry "CZE"]
[SourceTitle "CBM 210 Extra"]
[Source "ChessBase"]
[SourceDate "2022.11.30"]
[SourceVersion "1"]
[SourceVersionDate "2022.11.30"]
[SourceQuality "1"]
[WhiteTeam "Ostrava"]
[BlackTeam "Stare Mesto"]
[WhiteTeamCountry "CZE"]
[BlackTeamCountry "CZE"]

1. e4 c5 2. Nf3 e6 3. b3 b6 4. c4 Bb7 5. Nc3 Nc6 6. Bd3 g6 7. 0-0 Bg7 8. Re1 Nge7 9. Bb2 0-0 10. Bf1 d5 11. d3 d4 12. Ne2 e5 13. Ng3 Bc8 14. Bc1 h6 15. a3 Be6 16. Rb1 a5 17. Bd2 Qd6 18. h3 Rfb8 19. a4 Kh7 20. Nh2 Bh8 21. Be2 f5 22. exf5 gxf5 23. Bf3 Rg8 24. Bxc6 Qxc6 25. Bxh6 Kxh6 26. Qh5+ Kg7 27. Rxe5 Kf8 28. Qh6+ Kf7 29. Nf3 Rg6 30. Qh5 Bf6 31. Rbe1 Rh8 32. Ng5+ Bxg5 33. Qxh8 Bf6 34. Qh7+ Bg7 35. Qh4 Bxe5 36. Rxe5 Rg7 37. Qh5+ Kg8 38. Qh6 Bd7 39. Qh4 Qd6 40. Re1 Bc6 41. f4 Ng6 42. Qh6 Qxf4 43. Qxg7+ Kxg7 44. Nh5+ Kf7 45. Nxf4 Nxf4 46. Rf1 Nxg2 47. Rxf5+ Ke6 48. Rh5 Nf4 49. Rh6+ Kd7 50. Rh7+ Kd6 51. Rh6+ Kc7 52. Rh7+ Bd7 53. h4 Kd6 54. Rf7 Nxd3 55. h5 Ne5 56. Rf6+ Ke7 57. Rxb6 Bg4 58. Kf2 Bxh5 59. Rb5 Be8 60. Rxa5 Bc6 61. Ke2 Kd6 62. Ra7 Bf3+ 63. Kd2 Nd7 64. a5 Be4 65. Ra6+ Bc6 66. Ra7 Nb8 67. Rh7 Bd7 68. Rh6+ Be6 69. Rg6 Na6 70. Rh6 Kd7 71. Rh7+ Kc6 72. Rh6 Nc7 73. Rh7 Bd7 74. Rh6+ Kb7 75. Rh7 Bc8 76. Rg7 Kb8 77. Rh7 Ne8 78. Rh6 Kc7 79. Rh7+ Kc6 80. Rh8 Nd6 81. Rh6 Bf5 82. a6 Be4 83. a7 Kd7 84. Rh5 Ba8 85. Rh7+ Kc6 86. Rh6 Kc7 87. Rh7+ Kd8 88. Rh8+ Ne8 89. Rh5 Nd6 90. Rh8+ Ne8 1/2-1/2

[Event "CZE-chT2F 2122"]
[Site "Czech Republic"]
[Date "2021.12.19"]
[Round "5.5"]
[White "Gawlas, Roman"]
[Black "Hladik, Oto"]
[Result "1-0"]
[WhiteElo "1989"]
[BlackElo "2133"]
[PlyCount "71"]
[EventDate "2021.10.17"]
[EventType "team-tourn"]
[EventRounds "11"]
[EventCountry "CZE"]
[SourceTitle "EXT 2024"]
[Source "ChessBase"]
[SourceDate "2023.10.10"]
[SourceVersion "1"]
[SourceVersionDate "2023.10.10"]
[SourceQuality "1"]
[WhiteTeam "Litovel Tatran"]
[BlackTeam "Ostrava"]
[WhiteTeamCountry "CZE"]
[BlackTeamCountry "CZE"]

1. d4 Nf6 2. c4 g6 3. Nc3 Bg7 4. e4 0-0 5. Nf3 d6 6. Be2 Na6 7. 0-0 e5 8. Be3 Ng4 9. Bg5 f6 10. Bc1 Nh6 11. Rb1 c6 12. d5 c5 13. Kh1 Bd7 14. Rg1 Ng4 15. Qe1 Nb4 16. h3 Nc2 17. Qd2 Nxf2+ 18. Kh2 Nd4 19. Rf1 Nxe2 20. Qxe2 Ng4+ 21. hxg4 Bxg4 22. Qe1 Rc8 23. Kg1 Rf7 24. Bd2 Bf8 25. Nh2 Bd7 26. Qg3 a6 27. a4 Rc7 28. Rf2 Bg7 29. Qh4 h5 30. Rbf1 Qc8 31. b3 Bg4 32. Nxg4 Qxg4 33. Qxg4 hxg4 34. g3 Rc8 35. Nd1 f5 36. exf5 1-0

[Event "CZE-chT2F 2122"]
[Site "Czech Republic"]
[Date "2021.11.21"]
[Round "3.7"]
[White "Kaminsky, Rudolf"]
[Black "Hladik, Oto"]
[Result "0-1"]
[WhiteElo "2006"]
[BlackElo "2133"]
[PlyCount "90"]
[EventDate "2021.10.17"]
[EventType "team-tourn"]
[EventRounds "11"]
[EventCountry "CZE"]
[SourceTitle "EXT 2024"]
[Source "ChessBase"]
[SourceDate "2023.10.10"]
[SourceVersion "1"]
[SourceVersionDate "2023.10.10"]
[SourceQuality "1"]
[WhiteTeam "Havirov Slovan"]
[BlackTeam "Ostrava"]
[WhiteTeamCountry "CZE"]
[BlackTeamCountry "CZE"]

1. d4 Nf6 2. Nf3 g6 3. Bf4 Bg7 4. c3 0-0 5. h3 b6 6. e3 Bb7 7. Bc4 d5 8. Bb3 Nbd7 9. Nbd2 Ba6 10. Bc2 c5 11. Ne5 Nh5 12. Bh2 Nxe5 13. dxe5 Bh6 14. g4 Ng7 15. f4 Ne6 16. g5 Bg7 17. Qg4 d4 18. exd4 cxd4 19. Bb3 dxc3 20. bxc3 Nc5 21. 0-0-0 Nd3+ 22. Kc2 Nf2 23. Qf3 Qd3+ 24. Kb2 Qxf3 25. Nxf3 Nxh1 26. Rxh1 Bb7 27. Rf1 Rfd8 28. Nd4 Bg2 29. Rf2 Bxh3 30. Bg1 e6 31. Rh2 Bf1 32. Nc6 Rd7 33. Bd4 Bf8 34. a3 Rc8 35. Nb4 a5 36. Nc2 b5 37. Bb6 Ra8 38. Bg1 Bd3 39. Ne3 Bf5 40. Nxf5 gxf5 41. Rg2 Rad8 42. Bd4 b4 43. axb4 axb4 44. g6 bxc3+ 45. Bxc3 hxg6 0-1

[Event "CZE-chT1E 1920"]
[Site "Czech Republic"]
[Date "2020.03.01"]
[Round "9.1"]
[White "Hladik, Oto"]
[Black "Lojek, Marek"]
[Result "1/2-1/2"]
[WhiteElo "2178"]
[BlackElo "2199"]
[PlyCount "23"]
[EventDate "2019.10.20"]
[EventType "team-tourn"]
[EventRounds "11"]
[EventCountry "CZE"]
[SourceTitle "CBM 195 Extra"]
[Source "ChessBase"]
[SourceDate "2020.05.31"]
[SourceVersion "1"]
[SourceVersionDate "2020.05.31"]
[SourceQuality "1"]
[WhiteTeam "Ostrava"]
[BlackTeam "Orlova Slavia"]
[WhiteTeamCountry "CZE"]
[BlackTeamCountry "CZE"]

1. Nf3 Nf6 2. c4 c5 3. g3 Nc6 4. Bg2 d6 5. Nc3 g6 6. 0-0 Bg7 7. Rb1 0-0 8. a3 a5 9. d3 Bd7 10. h3 Ne8 11. Kh2 Nc7 12. Nd5 1/2-1/2

[Event "CZE-chT1E 1920"]
[Site "Czech Republic"]
[Date "2020.01.05"]
[Round "5.1"]
[White "Vesely, Libor"]
[Black "Hladik, Oto"]
[Result "1/2-1/2"]
[WhiteElo "2216"]
[BlackElo "2178"]
[PlyCount "69"]
[EventDate "2019.10.20"]
[EventType "team-tourn"]
[EventRounds "11"]
[EventCountry "CZE"]
[SourceTitle "CBM 194 Extra"]
[Source "ChessBase"]
[SourceDate "2020.03.31"]
[SourceVersion "1"]
[SourceVersionDate "2020.03.31"]
[SourceQuality "1"]
[WhiteTeam "Poruba Slavoj II"]
[BlackTeam "Ostrava"]
[WhiteTeamCountry "CZE"]
[BlackTeamCountry "CZE"]

1. e4 c5 2. Nf3 Nc6 3. d4 cxd4 4. Nxd4 Nf6 5. Nc3 d6 6. Bc4 e6 7. 0-0 a6 8. Bb3 Be7 9. f4 0-0 10. Kh1 Qc7 11. f5 Nxd4 12. Qxd4 Ng4 13. Bf4 Kh8 14. h3 Ne5 15. fxe6 Bxe6 16. Nd5 Bxd5 17. Qxd5 Bf6 18. Rad1 Rad8 19. Bg3 Qc6 20. Rf2 Qxd5 21. Rxd5 Rfe8 22. Rfd2 Nc6 23. Rxd6 Rxe4 24. Rxd8+ Nxd8 25. Rd7 h6 26. Kg1 Rd4 27. Rd5 Rxd5 28. Bxd5 Bxb2 29. Bc7 Bd4+ 30. Kf1 Ne6 31. Bd6 b6 32. Ke2 Kg8 33. Kd3 Bc5 34. Bxe6 Bxd6 35. Bc8 1/2-1/2

[Event "CZE-chT2F 1920"]
[Site "Czech Republic"]
[Date "2019.11.17"]
[Round "3.3"]
[White "Kostka, Vit"]
[Black "Hladik, Oto"]
[Result "1/2-1/2"]
[WhiteElo "2142"]
[BlackElo "2177"]
[PlyCount "99"]
[EventDate "2019.10.13"]
[EventType "team-tourn"]
[EventRounds "11"]
[EventCountry "CZE"]
[SourceTitle "EXT 2024"]
[Source "ChessBase"]
[SourceDate "2023.10.10"]
[SourceVersion "1"]
[SourceVersionDate "2023.10.10"]
[SourceQuality "1"]
[WhiteTeam "Orlova Slavia II"]
[BlackTeam "Ostrava TJ Nova Hut II"]
[WhiteTeamCountry "CZE"]
[BlackTeamCountry "CZE"]

1. e4 c5 2. Nf3 Nc6 3. d4 cxd4 4. Nxd4 Nf6 5. Nc3 d6 6. Bg5 Bd7 7. Qd2 Rc8 8. 0-0-0 Nxd4 9. Qxd4 Qa5 10. Bd2 a6 11. Kb1 Qc5 12. Qxc5 Rxc5 13. f3 g6 14. Be3 Rc8 15. Bd4 Bg7 16. Be2 0-0 17. g4 Be6 18. h4 Nd7 19. Bxg7 Kxg7 20. Nd5 Bxd5 21. Rxd5 h6 22. c3 f6 23. Kc2 g5 24. Rd4 Rc7 25. Kd2 Nc5 26. Bc4 b5 27. Bb3 Rb8 28. Ke3 a5 29. Rd2 b4 30. hxg5 Nxb3 31. gxf6+ Kxf6 32. Rxh6+ Kf7 33. axb3 bxc3 34. bxc3 Rxc3+ 35. Rd3 Rxd3+ 36. Kxd3 Rxb3+ 37. Ke2 a4 38. Rh5 a3 39. Ra5 Rb2+ 40. Ke3 a2 41. Kf4 e6 42. Ra8 Re2 43. Ra5 Kf6 44. Ra6 Rg2 45. g5+ Kg6 46. e5 dxe5+ 47. Kxe5 Kxg5 48. Kxe6 Kf4 49. Kd5 Kxf3 50. Kc4 1/2-1/2

[Event "CZE-chT2F 1920"]
[Site "Czech Republic"]
[Date "2019.11.03"]
[Round "2.4"]
[White "Olsar, Jaroslav"]
[Black "Hladik, Oto"]
[Result "0-1"]
[WhiteElo "2220"]
[BlackElo "2177"]
[PlyCount "108"]
[EventDate "2019.10.13"]
[EventType "team-tourn"]
[EventRounds "11"]
[EventCountry "CZE"]
[SourceTitle "EXT 2024"]
[Source "ChessBase"]
[SourceDate "2023.10.10"]
[SourceVersion "1"]
[SourceVersionDate "2023.10.10"]
[SourceQuality "1"]
[WhiteTeam "Karvina"]
[BlackTeam "Ostrava TJ Nova Hut II"]
[WhiteTeamCountry "CZE"]
[BlackTeamCountry "CZE"]

1. e4 c5 2. c3 Nf6 3. e5 Nd5 4. d4 cxd4 5. Nf3 Nc6 6. Bc4 Nb6 7. Bb3 d5 8. exd6 Qxd6 9. 0-0 Bf5 10. Nxd4 Nxd4 11. cxd4 e6 12. Nc3 Be7 13. Qf3 0-0 14. Rd1 Qd7 15. Bf4 Rad8 16. Rac1 Bf6 17. g4 Bg6 18. Ne4 Bxe4 19. Qxe4 Nd5 20. Be5 Bg5 21. f4 Be7 22. Bc2 g6 23. g5 f6 24. gxf6 Bxf6 25. Re1 Bxe5 26. Qxe5 Nxf4 27. Bb3 Qxd4+ 28. Qxd4 Rxd4 29. Bxe6+ Kg7 30. Rc7+ Kh6 31. Bc4 Rd2 32. Bf1 Rxb2 33. Ree7 Rb1 34. Rxh7+ Kg5 35. Rxb7 Ne2+ 36. Kg2 Rfxf1 37. Rxb1 Rxb1 38. Rxa7 Nf4+ 39. Kg3 Rg1+ 40. Kf3 Rf1+ 41. Kg3 Nh5+ 42. Kg2 Rc1 43. Ra5+ Kh6 44. h4 Rc4 45. Kh3 Ng7 46. Rg5 Ra4 47. Rg2 Nf5 48. Rb2 Rxh4+ 49. Kg2 Rc4 50. Kh2 Kh5 51. Kh3 g5 52. Kh2 g4 53. Kg2 Kh4 54. Kh2 Ne3 0-1

[Event "CZE-chT2F 1920"]
[Site "Czech Republic"]
[Date "2019.10.13"]
[Round "1.3"]
[White "Stepan, Patrik"]
[Black "Hladik, Oto"]
[Result "1-0"]
[WhiteElo "2203"]
[BlackElo "2177"]
[PlyCount "67"]
[EventDate "2019.10.13"]
[EventType "team-tourn"]
[EventRounds "11"]
[EventCountry "CZE"]
[SourceTitle "EXT 2024"]
[Source "ChessBase"]
[SourceDate "2023.10.10"]
[SourceVersion "1"]
[SourceVersionDate "2023.10.10"]
[SourceQuality "1"]
[WhiteTeam "Frydek Mistek  III"]
[BlackTeam "Ostrava TJ Nova Hut II"]
[WhiteTeamCountry "CZE"]
[BlackTeamCountry "CZE"]

1. d4 Nf6 2. c4 g6 3. Nc3 Bg7 4. e4 d6 5. Nf3 0-0 6. Be2 Na6 7. 0-0 e5 8. Re1 exd4 9. Nxd4 Nc5 10. f3 Ne6 11. Be3 c6 12. Qd2 d5 13. cxd5 cxd5 14. e5 Ne8 15. f4 Nxd4 16. Bxd4 Nc7 17. Bc5 Re8 18. Bd6 Be6 19. Bf3 Rc8 20. Kh1 Bf8 21. Bxf8 Rxf8 22. Rad1 Qh4 23. g3 Qe7 24. Qg2 Rfd8 25. Rd4 Qc5 26. Red1 Nb5 27. Nxb5 Qxb5 28. g4 Kh8 29. b3 Rc5 30. f5 gxf5 31. gxf5 Bxf5 32. Qg5 Qd7 33. Rxd5 Rxd5 34. Rxd5 1-0

[Event "CZE-chT1E 1819"]
[Site "Czech Republic"]
[Date "2018.10.21"]
[Round "1.7"]
[White "Hladik, Oto"]
[Black "Vrana, Frantisek"]
[Result "0-1"]
[WhiteElo "2163"]
[BlackElo "2252"]
[PlyCount "84"]
[EventDate "2018.10.21"]
[EventType "team-tourn"]
[EventRounds "11"]
[EventCountry "CZE"]
[SourceTitle "CBM 187 Extra"]
[Source "ChessBase"]
[SourceDate "2018.11.04"]
[SourceVersion "1"]
[SourceVersionDate "2018.11.04"]
[SourceQuality "1"]
[WhiteTeam "Ostrava"]
[BlackTeam "Stare Mesto"]
[WhiteTeamCountry "CZE"]
[BlackTeamCountry "CZE"]

1. e4 e6 2. d4 d5 3. Nd2 Nc6 4. Ngf3 Nf6 5. e5 Nd7 6. Bb5 f6 7. 0-0 fxe5 8. dxe5 a6 9. Bxc6 bxc6 10. c4 Be7 11. Re1 0-0 12. Nb3 Qe8 13. Nfd4 dxc4 14. Na5 Bb4 15. Bd2 Bxa5 16. Bxa5 c5 17. Nc2 Nb6 18. Qe2 Bb7 19. Ne3 Rf4 20. Rac1 Qg6 21. Bxb6 cxb6 22. Rxc4 Bf3 23. Qf1 Be4 24. Rd1 Raf8 25. b4 cxb4 26. Rxb4 b5 27. Rbd4 Qg5 28. g3 Rxf2 29. Qxf2 Rxf2 30. Kxf2 Qxe5 31. Ng2 Bxg2 32. Kxg2 Qe2+ 33. Kh3 Qxa2 34. Rd8+ Kf7 35. R8d7+ Kg6 36. R1d4 h5 37. g4 Qf2 38. gxh5+ Kxh5 39. Rg4 g5 40. Rg7 Qf3+ 41. Rg3 Qf1+ 42. Rg2 Qf5+ 0-1

[Event "CZE-chT2F 1819"]
[Site "Czech Republic"]
[Date "2018.10.14"]
[Round "1.5"]
[White "Sobek, Jaroslav"]
[Black "Hladik, Oto"]
[Result "1-0"]
[WhiteElo "2218"]
[BlackElo "2163"]
[PlyCount "145"]
[EventDate "2018.10.14"]
[EventType "team-tourn"]
[EventRounds "11"]
[EventCountry "CZE"]
[SourceTitle "EXT 2022"]
[Source "ChessBase"]
[SourceDate "2021.10.06"]
[SourceVersion "1"]
[SourceVersionDate "2021.10.06"]
[SourceQuality "1"]
[WhiteTeam "Karvina"]
[BlackTeam "Ostrava Labortech II"]
[WhiteTeamCountry "CZE"]
[BlackTeamCountry "CZE"]

1. d4 Nf6 2. c4 g6 3. Nc3 Bg7 4. Nf3 d5 5. Bf4 0-0 6. e3 c5 7. dxc5 Qa5 8. Rc1 dxc4 9. Bxc4 Qxc5 10. Bb3 Nc6 11. 0-0 Qa5 12. h3 Bf5 13. Qe2 e5 14. Bh2 Ne4 15. Nxe4 Bxe4 16. Nd2 Bd5 17. Bxd5 Qxd5 18. Nb3 Rad8 19. Rfd1 Qe6 20. Qb5 Rxd1+ 21. Rxd1 Rd8 22. Rxd8+ Nxd8 23. Bg3 a6 24. Qc5 Qc6 25. Qa5 Qd6 26. Kh2 b5 27. Qc3 Ne6 28. Qc8+ Bf8 29. Na5 f6 30. Nc6 Nc7 31. Nd8 Nd5 32. Nb7 Qe7 33. a3 h5 34. Qc6 Nc7 35. f4 exf4 36. Bxf4 Ne6 37. Bd6 Nd8 38. Qc8 Qxb7 39. Qxd8 Qf7 40. Qa8 Kg7 41. Qxa6 Bxd6+ 42. Qxd6 g5 43. e4 Qc4 44. Qd7+ Kg6 45. Qf5+ Kg7 46. e5 fxe5 47. Qxg5+ Kf8 48. Qxe5 h4 49. Kg1 Kf7 50. Qc3 Qe6 51. Kf1 Ke8 52. Qh8+ Kd7 53. Qxh4 Qf5+ 54. Kg1 Qb1+ 55. Kh2 Qxb2 56. Qg3 Kc6 57. Qe3 Kb7 58. h4 Ka6 59. Qe6+ Ka5 60. Qe7 Qf2 61. h5 Qf4+ 62. Kh3 Qf5+ 63. g4 Qf2 64. h6 Qf3+ 65. Kh4 Qh1+ 66. Kg5 Qd5+ 67. Kg6 Qg8+ 68. Kh5 Qd5+ 69. g5 Qf3+ 70. Kg6 Qd3+ 71. Kg7 Qd4+ 72. Kh7 Kb6 73. Qf6+ 1-0

[Event "CZE-chT2F 1718"]
[Site "Czech Republic"]
[Date "2018.01.14"]
[Round "6.1"]
[White "Hladik, Oto"]
[Black "Zabystrzan, Pavel"]
[Result "1/2-1/2"]
[WhiteElo "2177"]
[BlackElo "2199"]
[PlyCount "22"]
[EventDate "2017.10.15"]
[EventType "team-tourn"]
[EventRounds "11"]
[EventCountry "CZE"]
[SourceTitle "EXT 2022"]
[Source "ChessBase"]
[SourceDate "2021.10.06"]
[SourceVersion "1"]
[SourceVersionDate "2021.10.06"]
[SourceQuality "1"]
[WhiteTeam "Ostrava Labortech II"]
[BlackTeam "Orlova Slavia"]
[WhiteTeamCountry "CZE"]
[BlackTeamCountry "CZE"]

1. e4 e5 2. Nf3 Nc6 3. d4 exd4 4. Nxd4 g6 5. Nc3 Bg7 6. Be3 Nf6 7. Bc4 0-0 8. Bb3 d6 9. f3 Bd7 10. Qd2 a5 11. a4 Qb8 1/2-1/2

[Event "CZE-chT2F 1718"]
[Site "Czech Republic"]
[Date "2017.12.17"]
[Round "5.1"]
[White "Sobek, Jaroslav"]
[Black "Hladik, Oto"]
[Result "1/2-1/2"]
[WhiteElo "2247"]
[BlackElo "2177"]
[PlyCount "77"]
[EventDate "2017.10.15"]
[EventType "team-tourn"]
[EventRounds "11"]
[EventCountry "CZE"]
[SourceTitle "EXT 2022"]
[Source "ChessBase"]
[SourceDate "2021.10.06"]
[SourceVersion "1"]
[SourceVersionDate "2021.10.06"]
[SourceQuality "1"]
[WhiteTeam "Karvina"]
[BlackTeam "Ostrava Labortech II"]
[WhiteTeamCountry "CZE"]
[BlackTeamCountry "CZE"]

1. d4 Nf6 2. c4 g6 3. Nc3 Bg7 4. e4 d6 5. f3 0-0 6. Be3 e5 7. d5 Nh5 8. Qd2 Qh4+ 9. Bf2 Qf4 10. g3 Qxd2+ 11. Kxd2 Bh6+ 12. Kc2 f5 13. Bd3 Nf6 14. exf5 Na6 15. a3 gxf5 16. Re1 c6 17. dxc6 bxc6 18. Bf1 Re8 19. Bg2 Nc7 20. Nge2 d5 21. cxd5 cxd5 22. f4 Ne4 23. fxe5 Nxf2 24. Nxd5 Nxd5 25. Bxd5+ Be6 26. Bxa8 Rxa8 27. Rhf1 Ne4 28. Rf3 Rc8+ 29. Nc3 Bg7 30. h3 h5 31. Rd3 Bxe5 32. g4 Bc4 33. Rd7 Bg3 34. Red1 Nxc3 35. bxc3 hxg4 36. hxg4 f4 37. R1d6 f3 38. Rg6+ Kh8 39. Rh6+ 1/2-1/2

[Event "CZE-chT1E 1617"]
[Site "Czech Republic"]
[Date "2017.01.08"]
[Round "5.4"]
[White "Hladik, Oto"]
[Black "Mudrak, Josef"]
[Result "1/2-1/2"]
[WhiteElo "2188"]
[BlackElo "2299"]
[PlyCount "42"]
[EventDate "2016.10.16"]
[EventType "team-tourn"]
[EventRounds "11"]
[EventCountry "CZE"]
[SourceTitle "CBM 177 Extra"]
[Source "ChessBase"]
[SourceDate "2017.04.27"]
[SourceVersion "1"]
[SourceVersionDate "2017.04.27"]
[SourceQuality "1"]
[WhiteTeam "Ostrava"]
[BlackTeam "Kromeriz"]
[WhiteTeamCountry "CZE"]
[BlackTeamCountry "CZE"]

1. e4 c5 2. Nf3 Nc6 3. Nc3 e5 4. Bc4 Be7 5. 0-0 Nf6 6. d3 d6 7. h3 0-0 8. a3 a6 9. Nh2 b5 10. Ba2 Nd4 11. Nd5 Bb7 12. Nxe7+ Qxe7 13. Bg5 h6 14. Bh4 g5 15. Bg3 Kg7 16. c3 Ne6 17. Ng4 Nxg4 18. Qxg4 Bc8 19. Bxe6 Bxe6 20. Qe2 f6 21. Rfe1 Rfc8 1/2-1/2

[Event "CZE-chT1E 1617"]
[Site "Czech Republic"]
[Date "2016.12.04"]
[Round "4.4"]
[White "Novotny, Josef1111"]
[Black "Hladik, Oto"]
[Result "1-0"]
[WhiteElo "2059"]
[BlackElo "2188"]
[PlyCount "70"]
[EventDate "2016.10.16"]
[EventType "team-tourn"]
[EventRounds "11"]
[EventCountry "CZE"]
[SourceTitle "CBM 177 Extra"]
[Source "ChessBase"]
[SourceDate "2017.04.27"]
[SourceVersion "1"]
[SourceVersionDate "2017.04.27"]
[SourceQuality "1"]
[WhiteTeam "Region Panda"]
[BlackTeam "Ostrava"]
[WhiteTeamCountry "CZE"]
[BlackTeamCountry "CZE"]

1. e3 d5 2. d3 e5 3. Nf3 Nc6 4. Nc3 Nf6 5. g3 Be7 6. Bg2 0-0 7. h3 Re8 8. g4 d4 9. Ne2 dxe3 10. Bxe3 Nd5 11. Bd2 a5 12. 0-0 Ra6 13. Ng3 Nf4 14. Bxf4 exf4 15. Ne4 f5 16. gxf5 Bxf5 17. Re1 Rb6 18. Qd2 Rf8 19. c3 Qc8 20. Kh2 Nd8 21. Neg5 Bxg5 22. Nxg5 Qd7 23. Re5 Rg6 24. Qxf4 h6 25. Bd5+ Kh8 26. Nf7+ Rxf7 27. Bxf7 Rf6 28. Re8+ Kh7 29. Bg8+ Kh8 30. Rae1 Ne6 31. R8xe6 Bxe6 32. Bxe6 Qxd3 33. Qxc7 Qd2 34. Qb8+ Kh7 35. Bg8+ Kh8 1-0

[Event "CZE-chT1E 1516"]
[Site "Czech Republic"]
[Date "2016.02.14"]
[Round "8.4"]
[White "Ramik, Zdenek"]
[Black "Hladik, Oto"]
[Result "1/2-1/2"]
[WhiteElo "2223"]
[BlackElo "2208"]
[PlyCount "70"]
[EventDate "2015.10.11"]
[EventType "team-tourn"]
[EventRounds "11"]
[EventCountry "CZE"]
[SourceTitle "CBM 170 Extra"]
[Source "ChessBase"]
[SourceDate "2016.02.25"]
[SourceVersion "1"]
[SourceVersionDate "2016.02.25"]
[SourceQuality "1"]
[WhiteTeam "Brno Lokomotiva"]
[BlackTeam "Ostrava"]
[WhiteTeamCountry "CZE"]
[BlackTeamCountry "CZE"]

1. e4 c5 2. Nc3 Nc6 3. g3 g6 4. Bg2 Bg7 5. d3 d6 6. Be3 Rb8 7. Qd2 b5 8. Nf3 b4 9. Nd1 Bg4 10. h3 Bxf3 11. Bxf3 Nf6 12. 0-0 0-0 13. Bg2 Qb6 14. f4 Nd7 15. Bf2 Qa6 16. a3 Rfc8 17. Qc1 Nd4 18. axb4 Qb5 19. Nc3 Qxb4 20. Rxa7 Rd8 21. Kh2 Qxb2 22. Bxd4 Bxd4 23. Nd5 Kf8 24. c3 Bg7 25. f5 Qxc1 26. Rxc1 Ra8 27. Rca1 Rxa7 28. Rxa7 Ne5 29. Nxe7 Nxd3 30. Nd5 Be5 31. Bf1 Nf2 32. Bg2 h5 33. fxg6 fxg6 34. h4 Ng4+ 35. Kh3 Nf2+ 1/2-1/2